| 000 | 00394nam a22001697a 4500 | ||
|---|---|---|---|
| 003 | MPLRDC | ||
| 005 | 20220104171851.0 | ||
| 008 | 210129b ||||| |||| 00| 0 eng d | ||
| 082 | _a050.1 RD v.10 2001 | ||
| 100 | _aPETER DOCKRILL | ||
| 245 |
_aREADER'S DIGEST. OCTOBER 2001 _c |
||
| 250 | _a初版 | ||
| 260 |
_a _b _c2001 |
||
| 300 | _b平 | ||
| 650 | _a | ||
| 942 |
_cBK _o050.1 RD v.10 2001 |
||
| 999 |
_c58663 _d58653 |
||